Pinokio : przygody drewnianego pajaca /

Tallennettuna:
Bibliografiset tiedot
Päätekijä: Collodi, Carlo (1826-1890)
Muut tekijät: Szancer, Jan Marcin (1902-1973) (Ilustracje), Jachimecka, Zofia. Tłumaczenie
Aineistotyyppi: Teksti
Kieli:puola
Julkaistu: Poznań : WiM, 1983.
Aiheet:
Tagit: Lisää tagi
Ei tageja, Lisää ensimmäinen tagi!

MARC

LEADER 00000ca #a2200000#i#4500
001 9914958201405606
005 20260515140227.0
008 181215s1983 pl pol
020 |a 839009620X 
035 |a 293938-48omnis_network 
035 |a (PL)b0001520016668 
040 |a BML  |c BML 
041 0 |a pol 
080 |a BII 
090 |c 103  |d 102 
100 1 |a Collodi, Carlo  |d (1826-1890) 
245 1 0 |a Pinokio :  |b przygody drewnianego pajaca /  |c Carlo Collodi ; przeł. z wł. Zofia Jachimecka ; il. Jan Marcin Szancer. 
260 |a Poznań :  |b WiM,  |c 1983. 
300 |a 172, [4] s., [4] s. tabl. kolor. :  |b rys. ;  |c 20 cm. 
500 |a Nazwa aut. Carlo Lorenzini. 
650 7 |a Bajka i baśń włoska  |x 19 w. 
700 1 |a Szancer, Jan Marcin  |d (1902-1973)  |e Ilustracje 
700 |a Jachimecka, Zofia. Tłumaczenie 
920 |a 83-900962-0-X 
942 |c K 
952 |0 0  |1 0  |4 0  |6 R__95_000000000000000  |7 0  |9 99  |a RYT  |b RYT  |d 2026-05-13  |e 1/2014  |g 10.00  |l 0  |o R.95  |p 2000000000954  |r 2026-05-15 14:02:27  |w 2026-05-15  |y BK  |z da 
999 |c 99  |d 99